| 000 | 01850nam0a2200337 4500 | ||
|---|---|---|---|
| 001 | RU\NLR\b_ik\164852 | ||
| 005 | 20260410171656.0 | ||
| 035 | _a(NLR Aleph) 002237657 | ||
| 090 |
_a3514215 _c3514215 |
||
| 100 | _a20071217d2007 u y0rusy50 ca | ||
| 101 | 0 |
_aeng _drus |
|
| 102 | _aRU | ||
| 105 | _aa ||||||||| | ||
| 200 | 1 |
_aAmplitide analysis of highly ionizing particle signals registered with silicon radiation detector _esome remarks to anomalies _fYu.S. Tsyganov |
|
| 210 |
_aДубна _cИзд. отд. Объед. ин-та ядер. исслед. _d2007 |
||
| 215 |
_a7, [1] с. _cграф. _d22 |
||
| 225 | 1 |
_aСообщения Объединенного инcтитута ядерных исследований, Дубна _vЕ13-2007-70 |
|
| 300 | _aНа 3-й с. обл..: Амплитудный анализ сильноионизирующих частиц, регистрируемых кремниевым детектором : некоторые ремарки к аномалиям / Цыганов Ю.С. | ||
| 300 | _aРез. на рус. яз. | ||
| 320 | _aБиблиогр. в конце кн. (24 назв.) | ||
| 517 | 0 |
_aАмплитудный анализ сильноионизирующих частиц, регистрируемых кремниевым детектором _eнекоторые ремарки к аномалиям |
|
| 606 | 1 |
_aДетекторы ядерного излучения кремниевые _2nlr-sh2 _3RU\NLR\AUTH\66348357 |
|
| 606 | 1 |
_aЯдерные реакции с тяжелыми ионами _2nlr-sh2 _3RU\NLR\AUTH\661482487 |
|
| 686 | 1 | _aВ383.56 | |
| 686 | 1 | _aВ381.582 | |
| 700 | 1 |
_aCyganov _bJ. S. _f1956- _gJurij Sergeevič _3RU\NLR\AUTH\770292165 _4070 |
|
| 801 | 0 |
_aRU _bNLR _c20071217 _gRCR |
|
| 942 | _cBOOK | ||
| 980 | _aNB | ||